Guess Country Name based on Emojis - Statistics

General Stats
  • This quiz has been taken 1,130 times
    1,110 since last reset
  • The average score is 17 of 40
Answer Stats
Emoji Answer % Correct
2 ยฎ ๐Ÿ”‘ Turkey
90%
Ja ๐Ÿณ Japan
66%
F ๐Ÿƒโ€โ™‚๏ธ ce France
61%
I ๐Ÿƒโ€โ™‚๏ธ Iran
59%
๐Ÿ u Peru
59%
๐ŸงŠ ๐Ÿž Iceland
57%
O ๐Ÿ‘จ Oman
57%
Au ๐ŸŒณ ๐Ÿ…ฐ๏ธ Austria
55%
๐Ÿฅซ ada Canada
55%
โ›“ a China
54%
๐Ÿณ s Whales
54%
S ๐ŸŽจ Spain
53%
๐Ÿณ ๐Ÿ…ฐ๏ธ ๐Ÿคฑ Panama
51%
& ๐Ÿšช A Andorra
48%
๐Ÿ”” ๐Ÿ‹๏ธโ€โ™‚๏ธ Belgium
45%
๐Ÿ  ๐Ÿž Finland
44%
๐Ÿ‘„ ya Libya
44%
S ๐Ÿ‘‚๐Ÿ a Serbia
44%
๐Ÿ‘” 1 Taiwan
44%
U ๐Ÿ— Ukraine
43%
๐Ÿˆ ยฎ Qatar
42%
๐Ÿ‘™ z ๐Ÿค’ Brazil
41%
๐Ÿฆ  ๐Ÿ’ธ Germany
41%
๐ŸงŠ a Cuba
40%
๐Ÿ‘” ๐Ÿž Thailand
40%
๐Ÿฅถ/๐ŸŒถ Chile
39%
๐Ÿ˜ก ๐Ÿ…ฐ๏ธ โ›ฝ ๐Ÿš— Madagascar
38%
ยฎ U ๐ŸŒŠ a Russia
37%
๐Ÿ‘ ๐Ÿž Ireland
36%
๐Ÿ‘‹ โ˜• Haiti
32%
๐Ÿ›ถ ๐Ÿฆข a Botswana
28%
๐Ÿ’Š ๐Ÿ‘„๐Ÿ“Œ ๐Ÿ“Œ Philippines
28%
๐ŸŽถ a ๐Ÿพ Singapore
27%
๐Ÿ—ฃ ๐Ÿš s Seychelles
26%
๐Ÿšฃโ€โ™‚๏ธ ๐Ÿฆ ๐Ÿ‘‚ Romania
16%
๐Ÿงผ ๐ŸŒง Bahrain
14%
๐Ÿฏ ๐ŸŽ™ a Jamaica
14%
S ๐Ÿ—ฟ๐Ÿ‘‚ Estonia
11%
๐Ÿš† ๐Ÿฆต๐Ÿ‘จ and ๐Ÿšฌ Trinidad and Tobago
11%
โ‚ฌ ๐Ÿงโ€โ™‚๏ธ Uruguay
10%
No matching quizzes found
Score Distribution
Percent of People with Each Score
Percentile by Number Answered
Your Score History
You have not taken this quiz since the last reset